Catálogo
 En Linea

Internamiento / (Registro nro. 44631)

Detalles MARC
000 -CABECERA
campo de control de longitud fija 00575nam a2200181 a 4500
001 - NÚMERO DE CONTROL
campo de control 000045142
005 - FECHA Y HORA DE LA ÚLTIMA TRANSACCIÓN
campo de control 20210420134534.0
008 - DATOS DE LONGITUD FIJA--INFORMACIÓN GENERAL
campo de control de longitud fija 150205s1992 dr a 000 0 spa d
040 ## - FUENTE DE LA CATALOGACIÓN
Centro catalogador/agencia de origen DO-SdBNP
Lengua de catalogación spa
Centro/agencia transcriptor BNPHU
082 ## - NÚMERO DE LA CLASIFICACIÓN DECIMAL DEWEY
Número de clasificación xxxx
Número de documento/Ítem xxxx
100 ## - ENTRADA PRINCIPAL--NOMBRE DE PERSONA
Nombre de persona Sherezada Vicioso, Luisa Angélica
9 (RLIN) 55896
245 10 - MENCIÓN DE TÍTULO
Título Internamiento /
Mención de responsabilidad, etc. Sherezada Vicioso (Chiqui).
260 ## - PUBLICACIÓN, DISTRIBUCIÓN, ETC.
Lugar de publicación, distribución, etc. Santo Domingo :
Nombre del editor, distribuidor, etc. Mediabyte,
Fecha de publicación, distribución, etc. 1992.
300 ## - DESCRIPCIÓN FÍSICA
Extensión 59 p. :
Otras características físicas il.
490 1# - MENCIÓN DE SERIE
Mención de serie Latin American women writers
500 ## - NOTA GENERAL
Nota general Incluye datos biográficos de la autora
830 #0 - PUNTO DE ACCESO ADICIONAL DE SERIE-TÍTULO UNIFORME
Título uniforme Latin American women writers
9 (RLIN) 73159
Existencias
Estado de retiro Estado de pérdida Restricciones de uso No para préstamo Código de colección Localización permanente Ubicación/localización actual Ubicación en estantería Fecha de adquisición Número de inventario Total de préstamos Signatura topográfica completa Código de barras Fecha visto por última vez Número de copia Precio válido a partir de Tipo de ítem Koha Nota pública
        Dominicana de Servicio General General Depósito 06.07.2015 LF1   xxxx xxxx 45142-30 25.06.2020 e. 3 25.06.2020 Libro y Folleto Colección Dominicana de Servicio Perteneció a la biblioteca personal de Chiqui Vicioso / Fidelio Despradel.
        Dominicana de Servicio General General Depósito 06.07.2015 LF1   xxxx xxxx 45142-40 25.06.2020 e. 4 25.06.2020 Libro y Folleto Colección Dominicana de Servicio Perteneció a la biblioteca personal de Chiqui Vicioso / Fidelio Despradel.
        Dominicana de Servicio General General Depósito 06.07.2015 LF1   xxxx xxxx 45142-50 25.06.2020 e. 5 25.06.2020 Libro y Folleto Colección Dominicana de Servicio Perteneció a la biblioteca personal de Chiqui Vicioso / Fidelio Despradel..
      Excluido de préstamo Patrimonio Dominicano Patrimonio Dominicano Patrimonio Dominicano Depósito 05.02.2015 LF1   xxxx xxxx 45142-10 25.06.2020   25.06.2020 Libro y Folleto Colección Patrimonio Dominicano  
      Excluido de préstamo Patrimonio Dominicano Patrimonio Dominicano Patrimonio Dominicano Depósito 06.07.2015 LF1   xxxx xxxx 45142-20 25.06.2020 e. 2 25.06.2020 Libro y Folleto Colección Patrimonio Dominicano Perteneció a la biblioteca personal de Chiqui Vicioso / Fidelio Despradel.

Con tecnología Koha